|
|
|
|
| LEADER |
00000cam a2200000 7i4500 |
| 001 |
0000009014 |
| 005 |
20150902.0 |
| 020 |
|
|
|a 0201136538
|
| 040 |
|
|
|a INS
|
| 090 |
0 |
0 |
|a HD38.25.A75
|b D48 1987
|
| 245 |
1 |
0 |
|a Developing managers in Asia
|c edited by Tan Jing Hee ,You Poh Seng and Emily Ding
|
| 260 |
|
|
|a London :
|b Addison-Wesley Publ. ,
|c 1987
|
| 300 |
|
|
|a 244p. ;
|c 20cm.
|
| 650 |
|
0 |
|a Executive
|z Asia
|
| 650 |
0 |
0 |
|a Management
|
| 650 |
0 |
0 |
|a Office management
|
| 651 |
|
0 |
|a Asia
|x Executive
|x Management
|
| 700 |
1 |
|
|a Emily Ding
|
| 700 |
1 |
|
|a You, Puh Seng
|
| 999 |
|
|
|a 0000022618
|b BOOK
|c Open Shelf
|e Default branch
|